| 000 | 00514nam a2200217Ia 4500 | ||
|---|---|---|---|
| 999 |
_c3404 _d3404 |
||
| 003 | 0100 | ||
| 008 | 130227s9999 xx 000 0 und d | ||
| 040 | _cARRUPELIB | ||
| 050 | _aDT448.2.N88 1974 | ||
| 100 |
_aNyerere, Julius K. _915446 |
||
| 245 | _aMan and development | ||
| 260 |
_bOxford University Press _aNairobi _c1974 |
||
| 300 | _avii | ||
| 300 | _b 125p. 19cm. | ||
| 650 |
_bTanzania _xPolitics _xAddresses _930086 |
||
| 650 |
_bAddresses _919015 |
||
| 650 |
_bTanzania _xEconomic conditions _930087 |
||
| 942 |
_2lcc _05 _cMONOGRAPH |
||